Evolución y antecedentes de la legislación del trabajo: periodo 1810-1924
Na minha lista:
| Autor principal: | |
|---|---|
| Formato: | Livro |
| Idioma: | espanhol |
| Publicado em: |
Valparaíso
Universidad Católica de Valparaíso
1976
|
| Assuntos: | |
| Tags: |
Adicionar Tag
Sem tags, seja o primeiro a adicionar uma tag!
|
MARC
| LEADER | 00000nam a2200000 a 4500 | ||
|---|---|---|---|
| 001 | UCS2789 | ||
| 003 | CL-VaPUC | ||
| 008 | 970606e19760000CL |||||||||||||||||spa|d | ||
| 082 | 0 | 4 | |a 344.01 |b HAJ |2 21 |
| 100 | |a Hajna Rifo, Eduardo Francisco |e autor |9 815370 | ||
| 245 | 1 | 0 | |a Evolución y antecedentes de la legislación del trabajo: periodo 1810-1924 |
| 300 | |a 93 p | ||
| 942 | |c BK | ||
| 945 | |d 19970606 00:00:00 |a lriquelm | ||
| 260 | |a Valparaíso |b Universidad Católica de Valparaíso |c 1976 | ||
| 500 | |a Trabajo para optar a la jerarquía de Profesor Auxiliar de Derecho | ||
| 650 | 7 | |a DERECHO LABORAL |2 CL-VaPUC |9 15 | |
| 650 | 0 | |a Esclavitud |9 323605 | |
| 650 | 7 | |a CONSTITUCION 1833 |2 CL-VaPUC |9 312090 | |
| 650 | 7 | |a POLITICA LABORAL |2 CL-VaPUC |9 319338 | |
| 651 | 7 | |a CHILE |2 CL-VaPUC |9 388608 | |
| 583 | |a last modification |c 20170712 04:51:32 |k Rodrigo Vera | ||
| 999 | |c 260720 |d 260718 | ||
| 952 | |0 0 |1 0 |4 0 |6 344_010000000000000_HAJ_1976 |7 0 |8 A |9 287018 |a BIBDER |b BIBDER |d 2019-11-19 |i 1864807 |o 344.01 HAJ 1976 |p 1864807 |r 2023-01-25 |w 2019-11-19 |y BK |k DER | ||